Διαδικτυακά σχέδια μαθήματος προορισμένα για χρήση σε διαδραστικό πίνακα : καταγραφή και ανάλυση δραστηριοτήτων ; διπλωματική εργασία [μεταπτυχιακή εργασία]
Saved in:
| Main Author: | |
|---|---|
| Format: | Thesis Book |
| Language: | Greek |
| Published: |
2015.
|
| Subjects: | |
| Online Access: | http://hdl.handle.net/11610/16220 |
| Tags: |
Add Tag
No Tags, Be the first to tag this record!
|
MARC
| LEADER | 00000cam a2200000 a 4500 | ||
|---|---|---|---|
| 001 | 1/109631 | ||
| 008 | 160119s2015####gr | ||| |||| ||gre|| | ||
| 040 | |a GR-MyUa |b gre |c GR-MyUa |e AACR2 | ||
| 041 | 0 | |a gre | |
| 082 | 7 | |a 371.33 |2 (23) | |
| 100 | 1 | |a Μακαρίδου, Μαρία. | |
| 245 | 1 | 0 | |a Διαδικτυακά σχέδια μαθήματος προορισμένα για χρήση σε διαδραστικό πίνακα : |b καταγραφή και ανάλυση δραστηριοτήτων ; διπλωματική εργασία [μεταπτυχιακή εργασία] / |c Μακαρίδου Μαρία ; επιβλέπων καθηγητής Σοφός Αλιβίζος. |
| 260 | |c 2015. | ||
| 300 | |a 167 σ. : |b πίν., διάγρ. ; |c 30 εκ. | ||
| 502 | # | # | |a Διατριβή (μεταπτυχιακή) – Πανεπιστήμιο Αιγαίου, Ρόδος, 2015. |
| 504 | |a Βιβλιογραφία: σ. 147-156. | ||
| 506 | 1 | |a Πλήρες κείμενο - Ενδοπανεπιστημιακή δημοσίευση - Κλειδωμένη η δυνατότητα αντιγραφής του κειμένου. | |
| 650 | 0 | |a Educational technology. | |
| 650 | 0 | |a Teaching |x Aids and devices. | |
| 650 | 0 | |a Audio-visual education. | |
| 650 | 0 | |a Media programs (Education) | |
| 650 | 0 | |a Computer-assisted instruction. | |
| 700 | 1 | |a Σοφός, Αλιβίζος, |e dgs | |
| 852 | |a INST |b RHODES |c DIATR |e 20160119 |h 371.33 ΜΑΚ |p 005400038200 |q 005400038200 |t MTXE |y 23 | ||
| 856 | |u http://hdl.handle.net/11610/16220 | ||
| 924 | |a Μακαρίδου |b Μαρία |y Ρόδος |z 2015-10 | ||
| 970 | |z 19-01-2016 | ||